Central Library OPAC University of Rajshahi

Second thoughts in moral philosophy / (Record no. 56743)

MARC details
000 -LEADER
fixed length control field 00622nam a2200217 a 4500
001 - CONTROL NUMBER
control field 56743
003 - CONTROL NUMBER IDENTIFIER
rucl marc code BD-RjUL
005 - DATE AND TIME OF LATEST TRANSACTION
control field 20211209080428.0
008 - FIXED-LENGTH DATA ELEMENTS--GENERAL INFORMATION
fixed length control field 161203s1959 nyu b 000 0 eng
035 ## - SYSTEM CONTROL NUMBER
System control number (BD-RjUL)56867
040 ## - CATALOGING SOURCE
Original cataloging agency DLC
Transcribing agency OClU
Modifying agency OCoLC
-- BD-RjUL
-- DLC
Language of cataloging eng
041 ## - LANGUAGE CODE
Language code of text/sound track or separate title eng
082 ## - DEWEY DECIMAL CLASSIFICATION NUMBER
Edition number 23
Classification number 170
Author mark and year EWS 1959
100 1# - MAIN ENTRY--PERSONAL NAME
Personal name Ewing, A. C.
Fuller form of name (Alfred Cyril),
Dates associated with a name 1899-1973.
9 (RLIN) 138215
245 10 - TITLE STATEMENT
Title Second thoughts in moral philosophy /
Statement of responsibility, etc. A. C. Ewing,
260 ## - PUBLICATION, DISTRIBUTION, ETC. (IMPRINT)
Place of publication, distribution, etc. London :
Name of publisher, distributor, etc. Routedge & kegan,
Date of publication, distribution, etc. 1959
300 ## - PHYSICAL DESCRIPTION
Pagination vii, 190 p. ;
Size 23 cm.
500 ## - GENERAL NOTE
General note Includes Index
650 #0 - SUBJECT ADDED ENTRY--TOPICAL TERM
Topical term or geographic name as entry element Ethics.
9 (RLIN) 168744
942 ## - ADDED ENTRY ELEMENTS (KOHA)
Source of classification or shelving scheme Dewey Decimal Classification
Koha item type Books
Holdings
Lost status Source of classification or shelving scheme Damaged status Not for loan Collection code Permanent Location Current Location Shelving location Date acquired Source of acquisition Cost, normal purchase price Total Checkouts Full call number Date last seen Copy number Koha item type
  Dewey Decimal Classification   Not For Loan Non-fiction Central Library, University of Rajshahi Central Library, University of Rajshahi Reading Room 09/03/1963 Zeitlinger 47.00   170 EWS 1959 03/12/2016 C-1 Books